000 00616nam a22002177a 4500
003 UA-OsUOA
001 66138
007 ta
008 20091221b un ||||| |||| 00| 0 ukr d
100 _aЄщенко П.
090 _a330(477)
_bЕ99
942 _cSA
040 _aUA-OsUOA
_bukr
_cUA-OsUOA
_dUA-OsUOA
245 _aФінансові та інтеграційні механізми модернізації національної економіки
300 _aС.83-85
955 _a0
041 _aukr
080 _a330(477)
773 0 _w66133
650 7 _a330 Економіка взагалі
_2UDC
999 _c351947
_d351947